UM Logo

Microeconomics 91/92 / (Record no. 19424)

MARC details
000 -LEADER
fixed length control field 00506nam a2200157 4500
008 - FIXED-LENGTH DATA ELEMENTS--GENERAL INFORMATION
fixed length control field 180104b xxu||||| |||| 00| 0 eng d
020 ## - INTERNATIONAL STANDARD BOOK NUMBER
International Standard Book Number 9780879679392
082 ## - DEWEY DECIMAL CLASSIFICATION NUMBER
Classification number DC 330.05
Item number M58 1991
245 ## - TITLE STATEMENT
Title Microeconomics 91/92 /
Statement of responsibility, etc. edited by Don Cole.
250 ## - EDITION STATEMENT
Edition statement The annual edition series.
260 ## - PUBLICATION, DISTRIBUTION, ETC. (IMPRINT)
Place of publication, distribution, etc. Guilford, CT :
Name of publisher, distributor, etc. Dushkin Pub. Group,
Date of publication, distribution, etc. ©1991.
300 ## - PHYSICAL DESCRIPTION
Extent 243 pages :
Other physical details illustrations . ;
Dimensions 28 cm.
500 ## - GENERAL NOTE
General note Includes index.
650 #0 - SUBJECT ADDED ENTRY--TOPICAL TERM
9 (RLIN) 25397
Topical term or geographic name as entry element Microeconomics
Form subdivision Periodicals.
942 ## - ADDED ENTRY ELEMENTS (KOHA)
Source of classification or shelving scheme Dewey Decimal Classification
Koha item type Circulation
Holdings
Withdrawn status Lost status Source of classification or shelving scheme Damaged status Not for loan Collection code Home library Current library Date acquired Total Checkouts Full call number Barcode Date last seen Price effective from Koha item type
    Dewey Decimal Classification     Circulation UM Digos College - LIC UM Digos College - LIC 02/27/1994   DC 330.05 M58 1991 11265 05/15/2025 02/28/2024 Circulation